000
00274nam a2200109Ia 4500
008
200302s9999 xx 000 0 und d
100
_a
Prathapaditya Pal
245
_a
Sindh Past Glory Present Nostalga (ed)
260
_b
Marg Publication
260
_c
2008
300
_a
180p.,
999
_c
2494
_d
2494